BIBLIOTECA

SENCICO

Biblioteca Atrium de la Carpintería : el manipulado (2) (Registro nro. 3525)

Detalles MARC
000 -LEADER
fixed length control field 00725nam a2200205Ia 4500
005 - DATE AND TIME OF LATEST TRANSACTION
control field 20251020182617.0
008 - FIXED-LENGTH DATA ELEMENTS--GENERAL INFORMATION
fixed length control field 200515s9999 xx 000 0 und d
082 ## - DEWEY DECIMAL CLASSIFICATION NUMBER
Classification number SC/694.5/O28/2
110 ## - MAIN ENTRY--CORPORATE NAME
Corporate name or jurisdiction name as entry element Océano
245 #0 - TITLE STATEMENT
Title Biblioteca Atrium de la Carpintería : el manipulado (2)
260 ## - PUBLICATION, DISTRIBUTION, ETC.
Place of publication, distribution, etc. Lima
260 ## - PUBLICATION, DISTRIBUTION, ETC.
Date of publication, distribution, etc. s.a.
300 ## - PHYSICAL DESCRIPTION
Extent 119
520 ## - SUMMARY, ETC.
Summary, etc. Elementos básicos en proceso del tratamiento de la madera, los instrumentos para medir, trazar y marcar, herramientas manuales, maquinaria fija de taller, maquinaria portátil, mantenimiento de las herramientas para la madera, las uniones leñosas, adhesivo
650 ## - SUBJECT ADDED ENTRY--TOPICAL TERM
Topical term or geographic name entry element ACABADOS
650 ## - SUBJECT ADDED ENTRY--TOPICAL TERM
Topical term or geographic name entry element CARPINTERIA
650 ## - SUBJECT ADDED ENTRY--TOPICAL TERM
Topical term or geographic name entry element HERRAMIENTAS
650 ## - SUBJECT ADDED ENTRY--TOPICAL TERM
Topical term or geographic name entry element MADERA
942 ## - ADDED ENTRY ELEMENTS (KOHA)
Koha item type Libros
Existencias
Fecha de la última vez que lo usaron Pago total Signatura topográfica completa Código de barras Precio efectivo desde Tipo de documento Estado perdido Estado dañado No es para préstamo Retirado Ubicación permanente Ubicación actual Fecha de adquisición
15/05/2020   SC/694.5/O28/2 Bib-Lima15053525 15/05/2020 Libros         Biblioteca Central Lima Biblioteca Central Lima 15/05/2020